|
|
|
|
| LEADER |
00792cam a2200241 7i4500 |
| 001 |
0000014906 |
| 005 |
20151104090000.0 |
| 005 |
##20151104115000.0 |
| 003 |
##MY-KlINT |
| 020 |
# |
# |
|a 9789834505172
|
| 039 |
# |
9 |
|y 201511041150
|z VLOAD
|
| 090 |
0 |
0 |
|a 305.8009595
|b BAT
|
| 100 |
1 |
# |
|a Bateriah Alias
|
| 245 |
1 |
0 |
|a Buku Revisi :
|b hubungan etnik di Malaysia /
|c Bateriah Alias, Huzaimah Ismail dan Najahudin Lateh.
|
| 260 |
# |
# |
|a Shah Alam:
|b Oxford Fajar,
|c 2010.
|
| 300 |
# |
# |
|a vii, 128ms;
|c 25cm.
|
| 500 |
# |
# |
|a Mengandungi soalan dan jawapan
|
| 650 |
# |
0 |
|a Malaysia --
|x Ethnic relations
|
| 650 |
# |
0 |
|a Ethnic relations --
|x Malaysia
|
| 650 |
# |
0 |
|a Malaysia --
|x Politics and government
|
| 700 |
0 |
# |
|a Huzaimah Ismail
|
| 700 |
0 |
# |
|a Najahudin Lateh
|
| 999 |
|
|
|a 1207068697
|b BOOK
|c Main Non-Fiction
|e INTAN BK
|